Catálogo

Vista normal Vista MARC

Entrada Personal Name

Número de registros utilizados en: 1

001 - CONTROL NUMBER

  • control field: 5355

003 - CONTROL NUMBER IDENTIFIER

  • control field: OSt

005 - DATE AND TIME OF LATEST TRANSACTION

  • control field: 20180716123828.0

008 - FIXED-LENGTH DATA ELEMENTS

  • fixed length control field: 170823 a|ac|n|aab||||||||||||a |n|||||||

010 ## - LIBRARY OF CONGRESS CONTROL NUMBER

  • LC control number: 79021654

040 ## - CATALOGING SOURCE

  • Original cataloging agency: DLC
  • Language of cataloging: spa
  • Description conventions: rda
  • Transcribing agency: Mx-PuUPA
  • Modifying agency: DLC

100 1# - HEADING--PERSONAL NAME

  • Personal name: Halberstam, David,

375 ## - GENDER

  • Gender: hombre

377 ## - ASSOCIATED LANGUAGE

  • Language code: spa
  • Source of code: MARC code list for languages

670 ## - SOURCE DATA FOUND

  • Source citation: The noblest Roman, 1961:
  • Information found: t.p. (David Halberstam)

670 ## - SOURCE DATA FOUND

  • Source citation: New York times WWW site, Apr. 25, 2007
  • Information found: (in obituary published Apr. 24: David Halberstam; b. Apr. 10, 1934, New York; killed yesterday [Apr. 23, 2007], in a car crash south of San Francisco, aged 73; Pulitzer Prize-winning journalist and tireless author of books on topics as varied as America’s military failings in Vietnam, the deaths of firefighters at the World Trade Center, and the high-pressure world of professional basketball)

670 ## - SOURCE DATA FOUND

  • Source citation: Biblioteca del congreso (Estados Unidos), 23 agosto 2017:
  • Information found: catálogo electrónico